| 000 | 00357nam a2200109Ia 4500 | ||
|---|---|---|---|
| 008 | 171204s9999 xx 000 0 und d | ||
| 245 | _aDigital Communication: Communication, Multimedia, Security: | ||
| 245 | _cChristoph Meinel and Harald Sack | ||
| 260 | _c2014 | ||
| 650 | _xCOMMUNICATION TECHNOLOGY | ||
| 856 | _uhttp://down.ebook777.com/060/3662515008.pdf | ||
| 999 |
_c346039 _d346039 |
||